[Event "Czerniak mem 15th"]
[Site "Tel Aviv"]
[Date "1999.04.08"]
[Round "9"]
[White "Greenfeld, Alon"]
[Black "Karolyi, Tibor Jr"]
[Result "1-0"]
[WhiteElo "2521"]
[BlackElo "2432"]

1.d4 d5 2.c4 c6 3.Nf3 Nf6 4.Nc3 e6 5.e3 Nbd7 6.Bd3 dxc4 7.Bxc4 b5 8.Bd3 a6
9.e4 c5 10.e5 cxd4 11.Ne4 Nd5 12.O-O h6 13.a4 b4 14.Bc4 Bb7 15.a5 Nc5 16.Qxd4 Rc8
17.Bd2 Be7 18.Rfc1 O-O 19.Nd6 Bxd6 20.exd6 Qf6 21.Qxf6 gxf6 22.Bxh6 Rfd8
23.Bd2 Rxd6 24.Bxd5 Rxd5 25.Bxb4 Nb3 26.Rxc8+ Bxc8 27.Ra3 Rd1+ 28.Ne1 Nd2
29.Bxd2 Rxd2 30.Rd3 Rxd3 31.Nxd3 Bd7 32.Nc5 Bb5 33.f4 Kg7 34.Kf2 Kg6 35.Ke3 Kf5
36.h3 e5 37.g4+ Kg6 38.f5+ Kg7 39.Ne4 Bc6 40.b4 Bd7 41.h4 Bc6 42.g5  1-0

[Event "Budapest FS04 GM"]
[Site "Budapest"]
[Date "1999.04.09"]
[Round "7"]
[White "Roeder, Mathias"]
[Black "Horvath, Csaba"]
[Result "1/2-1/2"]
[WhiteElo "2448"]
[BlackElo "2524"]

1.d4 Nf6 2.c4 e6 3.Nf3 d5 4.Nc3 c6 5.e3 Nbd7 6.Qc2 Bd6 7.Bd3 O-O 8.O-O dxc4
9.Bxc4 Qe7 10.a3 e5 11.h3 Bb8 12.Ba2 h6 13.dxe5 Nxe5 14.Nd4 Kh8  1/2-1/2

[Event "Mitropa Cup"]
[Site "Baden"]
[Date "1999.04.10"]
[Round "9"]
[White "Stohl, Igor"]
[Black "Pavasovic, Dusko"]
[Result "0-1"]
[WhiteElo "2573"]
[BlackElo "2502"]

1.c4 e6 2.Nf3 d5 3.d4 c6 4.Nc3 Nf6 5.e3 Nbd7 6.Bd3 dxc4 7.Bxc4 b5 8.Be2 a6
9.e4 b4 10.e5 bxc3 11.exf6 Nxf6 12.bxc3 Bd6 13.Nd2 Qc7 14.Nc4 Be7 15.Bg5 O-O
16.Bf3 Nd5 17.Bxe7 Qxe7 18.Qd2 c5 19.Bxd5 exd5+ 20.Ne3 cxd4 21.cxd4 f5 22.O-O f4
23.Nxd5 Qd6 24.Nc3 f3 25.Rfe1 Qg6 26.g3 Qf5 27.Nd1 Qh3 28.Ne3 Rf6 29.Qd1 Bg4
30.Qb3+ Kh8 31.Qd5 Re8  0-1

[Event "Hampstead IM-B 5th"]
[Site "London"]
[Date "1999.04.10"]
[Round "4"]
[White "Knott, Simon JB"]
[Black "Philippe, Denis"]
[Result "1-0"]
[WhiteElo "2367"]
[BlackElo "2045"]

1.c4 c6 2.Nc3 d5 3.e3 Nf6 4.d4 e6 5.Nf3 Nbd7 6.Bd3 Bd6 7.e4 dxe4 8.Nxe4 Nxe4
9.Bxe4 h6 10.O-O O-O 11.Bc2 Qc7 12.Qd3 Nf6 13.c5 Bf4 14.Bxf4 Qxf4 15.Ne5 Rd8
16.Rad1 g6 17.g3 Qf5 18.Qe2 Qh3 19.Be4 Nxe4 20.Qxe4 Qf5 21.Qh4 Qg5 22.Qxg5 hxg5
23.f4 f6 24.Ng4 Kg7 25.fxg5 fxg5 26.Ne5 Rd5 27.Rf7+ Kg8 28.Rdf1  1-0

[Event "Hampstead GM 5th"]
[Site "London"]
[Date "1999.04.12"]
[Round "6"]
[White "Buckley, Graeme"]
[Black "Ippolito, Dean"]
[Result "1-0"]
[WhiteElo "2285"]
[BlackElo "2336"]

1.d4 d5 2.c4 e6 3.Nc3 c6 4.Nf3 Nf6 5.e3 Nbd7 6.Qc2 Bd6 7.Be2 O-O 8.O-O dxc4
9.Bxc4 b5 10.Bd3 Bb7 11.Rd1 a6 12.Ne4 Nxe4 13.Bxe4 f5 14.Bd3 c5 15.Qe2 Qf6
16.Bd2 c4 17.Bc2 e5 18.e4 exd4 19.Bg5 d3 20.Bxd3 cxd3 21.Qxd3 fxe4 22.Qxd6 Qxd6
23.Rxd6 Nc5 24.Nd4 Nd3 25.Ne6 Rf5 26.g4 Re5 27.Be3 Re8 28.Nc7 R8e7 29.Nxa6 Rd5
30.Rxd5 Bxd5 31.b4 Be6 32.a4 bxa4 33.Rxa4 Bxg4 34.b5 Bd7 35.Nc7 Re5 36.Ra8+ Kf7
37.b6 Bc6 38.Ra7 Kg6 39.b7 Bxb7 40.Rxb7 Ne1 41.Nb5 Rh5 42.Nd4 Rd5 43.Rb1 Nd3
44.Ne2 h5 45.Ng3 Re5 46.Rb6+ Kh7 47.Ne2 Ne1 48.Nd4 Rd5 49.Rb1 Nd3 50.h4 Rd7
51.Rb5 g6 52.Ne6 Re7 53.Ng5+ Kg7 54.Rb8 Kf6 55.Kg2 Ne1+ 56.Kg3 Nc2 57.Kf4 Rc7
58.Rb6+  1-0

[Event "Hampstead IM-B 5th"]
[Site "London"]
[Date "1999.04.12"]
[Round "6"]
[White "Knott, Simon JB"]
[Black "Kelly, Bryan"]
[Result "1/2-1/2"]
[WhiteElo "2367"]
[BlackElo "2423"]

1.c4 e6 2.Nc3 d5 3.d4 c6 4.e3 Nf6 5.Nf3 Nbd7 6.Bd3 dxc4 7.Bxc4 b5 8.Bd3 a6
9.e4 c5 10.e5 cxd4 11.Nxb5 Nxe5 12.Nxe5 axb5 13.Bxb5+ Bd7 14.Nxd7 Qa5+ 15.Bd2 Qxb5
16.Nxf8 Rxf8 17.b3 Nd5 18.Qe2 Qxb3 19.O-O Qb6 20.g3 Ke7 21.Rfb1 Qc7 22.Qe4 Rfb8
23.Qxh7 Rxb1+ 24.Rxb1 Rxa2 25.Qxg7 e5 26.Re1 Ke6 27.Bf4 f6 28.Qg4+ Kd6 29.Bh6 Qc2
30.Bf8+ Kc7 31.Rf1 Ne3 32.Qg7+ Kc8 33.Qxf6 Nxf1 34.Qe6+ Kb7 35.Qd5+ Ka6 36.Qe6+ Kb7
37.Qd5+ Ka6 38.Qe6+  1/2-1/2

[Event "Golden Cleopatra op 3rd"]
[Site "Cairo"]
[Date "1999.04.13"]
[Round "3"]
[White "Mohamed, Esam Ahmed Nagib"]
[Black "Elgabry, Mohsen"]
[Result "1-0"]
[WhiteElo "2458"]
[BlackElo "2296"]

1.d4 d5 2.c4 c6 3.e3 e6 4.Nc3 Nf6 5.Nf3 Bd6 6.Bd3 O-O 7.O-O Nbd7 8.e4 dxe4
9.Nxe4 Nxe4 10.Bxe4 f5 11.Bc2 Qe8 12.Re1 Rf6 13.Bg5 Qh5 14.Bxf6 Nxf6 15.h3 g5
16.Ne5 Qh4 17.Qd2 g4 18.g3 Qh5 19.hxg4 Nxg4 20.f3 Nxe5 21.dxe5 Bc5+ 22.Kg2 Bf8
23.Rh1 Qg6 24.Rh4 b6 25.Rg4 fxg4 26.Bxg6 gxf3+ 27.Kxf3 hxg6 28.Kg4 Ba6 29.b3 Re8
30.Rf1  1-0

[Event "St Petersburg-ch"]
[Site "St Petersburg"]
[Date "1999.04.14"]
[Round "9"]
[White "Novikov, Mikhail V"]
[Black "Ivanov, Sergey"]
[Result "0-1"]
[WhiteElo "2402"]
[BlackElo "2528"]

1.d4 Nf6 2.Nf3 d5 3.c4 e6 4.Nc3 c6 5.e3 Nbd7 6.Qc2 Bd6 7.g4 Bb4 8.Bd2 Qe7
9.g5 Bxc3 10.Bxc3 Ne4 11.Rg1 b6 12.Bd3 Nxc3 13.Qxc3 Bb7 14.cxd5 exd5 15.Bf5 f6
16.g6 hxg6 17.Rxg6 Nf8 18.Rg3 c5 19.dxc5 bxc5 20.O-O-O g6 21.Rdg1 Rd8 22.Bxg6+ Nxg6
23.Rxg6 d4 24.exd4 cxd4 25.Qb3 Qc5+ 26.Kd1 Bd5 27.Qd3 Rc8 28.Re1+ Kd8  0-1

[Event "Golden Cleopatra op 3rd"]
[Site "Cairo"]
[Date "1999.04.16"]
[Round "6"]
[White "Volzhin, Alexander"]
[Black "Yakovich, Yuri"]
[Result "1/2-1/2"]
[WhiteElo "2548"]
[BlackElo "2565"]

1.c4 c6 2.Nf3 d5 3.e3 Nf6 4.Nc3 e6 5.d4 Nbd7 6.Bd3 dxc4 7.Bxc4 b5 8.Bd3 a6
9.e4 c5 10.e5 cxd4 11.Nxb5 Nxe5 12.Nxe5 axb5 13.Bxb5+ Bd7 14.Nxd7 Qa5+ 15.Bd2 Qxb5
16.Nxf8 Kxf8 17.a4 Qc4 18.b3 Qd3 19.Qf3 Qe4+ 20.Qxe4 Nxe4 21.b4 Ke7 22.f3 Nc3
23.Bxc3 dxc3 24.Ke2 Rhd8 25.Rhd1 c2 26.Rxd8 Rxa4 27.Rd2 Rxa1  1/2-1/2

[Event "ROM-chT"]
[Site "Sovata"]
[Date "1999.04.16"]
[Round "2"]
[White "Dumitrache, Dragos"]
[Black "Breahna, Radu"]
[Result "1/2-1/2"]
[WhiteElo "2426"]
[BlackElo "2281"]

1.d4 d5 2.c4 e6 3.Nc3 c6 4.e3 Nf6 5.Nf3 Nbd7 6.Qc2 b6 7.Be2 Bb7 8.O-O Be7
9.e4 dxe4 10.Nxe4 c5 11.Nxf6+ Bxf6 12.Rd1 cxd4 13.Nxd4 O-O 14.Nb5 a6 15.Nd6 Bc6
16.Bd3 h6 17.Bh7+ Kh8 18.Be4 Qc7 19.Bf4 Bxe4 20.Qxe4 Nc5 21.Qe2 Rad8 22.Rd2 Qc6
23.Rad1 Kg8 24.Be5 Bxe5 25.Qxe5 Qc7 26.Qg3 Rd7 27.b4 Nb7 28.Nf5 Qxg3 29.hxg3 Rc7
30.Ne3 Rfc8 31.f4 Kf8 32.Kf2 Ke8 33.Kf3 a5 34.a3 axb4 35.axb4 Ra8  1/2-1/2

[Event "Golden Cleopatra op 3rd"]
[Site "Cairo"]
[Date "1999.04.18"]
[Round "8"]
[White "Ezat, Mohamed"]
[Black "Benhadi, Aziz Madani"]
[Result "1-0"]
[WhiteElo "2270"]
[BlackElo "2235"]

1.d4 d5 2.c4 c6 3.Nc3 e6 4.e3 Nf6 5.Nf3 Nbd7 6.Bd3 dxc4 7.Bxc4 b5 8.Bd3 a6
9.e4 c5 10.e5 cxd4 11.Nxb5 Nxe5 12.Nxe5 axb5 13.Bxb5+ Bd7 14.Nxd7 Qa5+ 15.Bd2 Qxb5
16.Nxf8 Kxf8 17.a4 Qa6 18.b4 Qd3 19.Qe2 Qxe2+ 20.Kxe2 Nd5 21.Kd3 Ke7 22.b5 e5
23.Rhc1 Rhb8 24.Ke4 Nf6+ 25.Kxe5 Ng4+ 26.Kxd4 Rd8+ 27.Kc3 Nxf2 28.Be1 Nd3
29.Rd1 Rac8+ 30.Kb3 Rd4 31.a5 Rd5 32.Bb4+ Ke6 33.b6 Rcd8 34.a6 Nxb4 35.Kxb4 Rxd1
36.Rxd1 Rxd1 37.a7 Ra1 38.Kc5 Kd7 39.b7 Rxa7 40.b8=Q Ra5+ 41.Kc4 Rf5 42.g4 Rf6
43.Qb7+ Ke6 44.Qe4+ Kd6 45.h3 h6 46.Qe8 g5 47.Kd4 Rf4+ 48.Ke3 Rf6 49.Qf8+ Kd7
50.Ke4 Re6+ 51.Kf5  1-0

[Event "Bundesliga 9899"]
[Site "Germany"]
[Date "1999.04.18"]
[Round "15.8"]
[White "Kasimdzhanov, Rustam"]
[Black "Van der Wiel, John TH"]
[Result "1/2-1/2"]
[WhiteElo "2595"]
[BlackElo "2529"]

1.d4 d5 2.c4 c6 3.Nf3 Nf6 4.Nc3 e6 5.e3 Nbd7 6.Be2 dxc4 7.a4 Bb4 8.O-O Nb6
9.Qc2 a5 10.e4 h6 11.Be3 Nfd7 12.Rad1 Qe7 13.Bf4 O-O 14.Bc7 Bd6 15.Bxd6 Qxd6
16.Rd2 e5 17.Nxe5 Nxe5 18.dxe5 Qxe5 19.f4 Qc5+ 20.Kh1 f5 21.e5 Be6 22.Rd6 Rae8
23.Bh5 Nc8 24.Rd2 Rd8 25.Rfd1 Qe7 26.Bf3 Nb6 27.Rd6  1/2-1/2

[Event "Oceanic zt"]
[Site "Gold Coast"]
[Date "1999.04.21"]
[Round "9"]
[White "Wallace, John Paul"]
[Black "Dwyer, Danny"]
[Result "1/2-1/2"]
[WhiteElo "2360"]
[BlackElo "2186"]

1.d4 d5 2.c4 e6 3.Nc3 c6 4.e3 Nf6 5.Nf3 Nbd7 6.Qc2 b6 7.Rb1 Bb7 8.b4 dxc4
9.Bxc4 Be7 10.e4 Qc7 11.Bg5 e5 12.O-O exd4 13.Ne2 c5 14.Ng3 Rc8 15.bxc5 Qxc5
16.Rbc1 Ba6 17.Bxa6 Qxc2 18.Bxc8 Qa4 19.Nf5 h6 20.Bh4 g5 21.Bg3 Bc5 22.Bb7 Nh5
23.N3xd4 Nxg3 24.hxg3 Ne5 25.f4 Bxd4+ 26.Kh1 O-O 27.fxe5 Bxe5 28.Bd5 Kh7
29.Rc6 f6 30.Re6 Re8 31.Bc6 Qc4 32.Rxe8 Qxf1+ 33.Kh2 Bxg3+ 34.Kxg3 Qf4+ 35.Kh3 h5
36.Re7+ Kh8 37.Re8+ Kh7 38.Re7+ Kh8  1/2-1/2

[Event "Metz op"]
[Site "Metz"]
[Date "1999.04.21"]
[Round "5"]
[White "Agrest, Evgenij"]
[Black "Savchenko, Stanislav"]
[Result "1/2-1/2"]
[WhiteElo "2533"]
[BlackElo "2539"]

1.c4 e6 2.Nc3 d5 3.d4 c6 4.e3 Nf6 5.Nf3 Nbd7 6.Qc2 Bd6 7.g4 Bb4 8.Bd2 Qe7
9.g5 Bxc3 10.Bxc3 Ne4 11.Bd3 Nxc3 12.Qxc3 dxc4 13.Bxc4 b6 14.O-O-O Bb7 15.e4 O-O
16.Rhe1 b5 17.Bf1 Rfd8 18.Kb1 a6 19.Qe3 c5 20.Rd2 cxd4 21.Nxd4 Nc5 22.f3 g6
23.Rc1 e5 24.Nc6 Bxc6 25.Qxc5 Qxc5 26.Rxd8+ Rxd8 27.Rxc5 Rd1+ 28.Rc1 Rxc1+
29.Kxc1 f6 30.gxf6  1/2-1/2

[Event "St Quentin op"]
[Site "St Quentin"]
[Date "1999.04.25"]
[Round "9"]
[White "Giffard, Nicolas"]
[Black "Royer, Sylvain"]
[Result "0-1"]
[WhiteElo "2369"]
[BlackElo "2275"]

1.Nf3 d5 2.d4 Nf6 3.c4 c6 4.Nc3 e6 5.e3 Nbd7 6.Qc2 Bd6 7.Bd2 O-O 8.O-O-O dxc4
9.e4 e5 10.Bxc4 b5 11.Be2 Qc7 12.dxe5 Nxe5 13.Nxe5 Bxe5 14.g3 Ng4 15.Rdf1 Qb6
16.Nd1 Bd4 17.Be1 Be6 18.Kb1 Rfd8 19.h3 Nf6 20.f4 Qc5 21.Qxc5 Bxc5 22.e5 Ne4
23.f5 Bd5 24.Bf3 Bd4 25.Nc3 Bxc3 26.bxc3 Re8 27.Rh2 Rxe5 28.g4 Bc4 29.Rg1 Rd8
30.Bxe4 Rxe4 31.Rd2 Rd3 32.Rxd3 Bxd3+ 33.Kc1 Re2 34.Bd2 Rh2 35.Rg3 Rh1+ 36.Kb2 Rb1+
37.Ka3 Bc4 38.Re3 h6 39.Re1 Rxe1 40.Bxe1 f6 41.h4 Be2 42.g5 fxg5 43.hxg5 hxg5
44.Kb4 Kf7 45.Kc5 Bf3 46.Kd4 Kf6 47.Ke3 Bd1 48.Bg3 Kxf5 49.Bb8 a6 50.Bc7 c5
51.a3 Ke6 52.Bd8 g4 53.Bc7 Kd5 54.Kd3 Bf3 55.Kd2 Kc4 56.Be5 g6 57.Bd6 a5
58.Bc7 b4 59.cxb4 cxb4 60.axb4 a4 61.b5 a3 62.b6 a2 63.Be5 g3 64.Ke3 Bb7
65.Bf6 g2 66.Kf2 Kb3 67.Kg1 Kc2  0-1

[Event "Bois Colombes"]
[Site "Bois Colombes"]
[Date "1999.04.30"]
[Round "7"]
[White "Gervasio, Ricardo"]
[Black "Sallen, Laurent"]
[Result "0-1"]
[WhiteElo "2369"]
[BlackElo "2210"]

1.d4 d5 2.c4 c6 3.Nf3 Nf6 4.Nc3 e6 5.e3 Nbd7 6.Qc2 Bd6 7.Bd2 O-O 8.g4 h6
9.Rg1 dxc4 10.Bxc4 b5 11.Bb3 Bb7 12.g5 hxg5 13.Nxg5 Qe7 14.f4 b4 15.Nce4 Nxe4
16.Qxe4 Nf6 17.Qg2 c5 18.Qh3 cxd4 19.Bc2 dxe3 20.Bxe3 Bc5 21.Nh7 Rfc8 22.Qh6 Nh5
23.Bxc5 Rxc5 24.Rxg7+ Nxg7 25.Nf6+ Qxf6 26.Bh7+ Kh8 27.Qxf6 Kxh7 28.Qe7 Rb5
29.Rd1 Bd5 30.Rd3 Be4 31.Rh3+ Kg8 32.Qd6 a5 33.Qd4 Bg6 34.Qc4 Rd5 35.Re3 Rad8
36.Qc1 Bh5 37.Re2 Bxe2 38.Kxe2 Rf5 39.Kf3 Nh5 40.Qg1+ Kh7 41.Qb6 Rdd5 42.a3 bxa3
43.bxa3 Rd3+ 44.Ke4  0-1

[Event "POL-ch"]
[Site "Polanica Zdroj"]
[Date "1999.05.03"]
[Round "10"]
[White "Kempinski, Robert"]
[Black "Kuczynski, Robert"]
[Result "1/2-1/2"]
[WhiteElo "2533"]
[BlackElo "2430"]

1.d4 d5 2.c4 c6 3.Nf3 Nf6 4.Nc3 e6 5.e3 Nbd7 6.Qc2 b6 7.Bd3 Bb7 8.O-O Be7
9.Rb1 dxc4 10.Bxc4 c5 11.dxc5 Bxc5 12.Rd1 O-O 13.b3 a6 14.Bb2 Qc7 15.Rbc1 Be7
16.Bd3 Bxf3 17.gxf3 Qb7 18.Ne4 Rac8 19.Qe2 b5 20.a4 Rxc1 21.Rxc1 bxa4 22.bxa4 Qb4
23.Qc2 Nxe4 24.Bxe4 Nf6 25.Bd3 a5 26.Bd4 Qb7 27.Qc7 Qxc7 28.Rxc7 Nd5 29.Ra7 Bb4
30.Kf1 h5 31.f4 g6 32.Bc4 Nc3 33.Bb3 Rc8 34.Kg2 Ne4 35.Be5 Rd8 36.Bc2 Nd6
37.Kf3 Nc4 38.Bf6 Rc8 39.Bd3 Nd2+ 40.Kg2 Nb3 41.Be5 Nc5 42.Bc2 Kf8 43.Bd4 Bd2
44.Kf3 Bb4 45.e4 Nb7 46.Bd1 Bc3 47.Bb6 Nd6 48.Be2 Nc4 49.Bxc4 Rxc4 50.Ra8+ Ke7
51.Bxa5 Bxa5 52.Rxa5 Rc3+ 53.Kg2 Ra3 54.Ra7+ Kf8 55.a5 h4 56.f3 Kg7 57.a6 Kf6
58.e5+ Kg7 59.Ra8 Kh7 60.h3 Ra2+ 61.Kf1 Kg7 62.Ke1 Ra4 63.Ke2 Rxf4 64.a7 Ra4
65.f4 Ra3 66.Kd2 Kh7 67.Kc2 Kg7 68.Kb2 Ra6 69.Kc3 Ra4 70.Kd3 Ra3+ 71.Ke4 Kh7  1/2-1/2

[Event "Dubai op"]
[Site "Dubai"]
[Date "1999.05.06"]
[Round "6"]
[White "Kuzmin, Alexey"]
[Black "Anastasian, Ashot"]
[Result "1-0"]
[WhiteElo "2559"]
[BlackElo "2529"]

1.d4 d5 2.c4 c6 3.Nc3 Nf6 4.e3 e6 5.Nf3 Nbd7 6.Qc2 Bd6 7.Bd3 O-O 8.O-O dxc4
9.Bxc4 Qe7 10.h3 e5 11.Bb3 Bb8 12.Bd2 h6 13.Nh4 Rd8 14.Nf5 Qe8 15.f4 exd4
16.exd4 Qf8 17.g4 Nb6 18.g5 Nfd5 19.gxh6 g6 20.Ng7 Qe7 21.Qe4 Qh4 22.f5 Qxh3
23.Qg2 Qxg2+ 24.Kxg2 gxf5 25.Nxf5 Bd6 26.Rf3 Bxf5 27.Rxf5 Bf8 28.h7+ Kxh7
29.Rxf7+ Bg7 30.Rxb7 Rdb8 31.Rh1+ Kg8 32.Rc7 Rc8 33.Rxc6 Rxc6 34.Nxd5 Rg6+
35.Kf3 Kf8 36.Nc7 Bxd4 37.Rh7  1-0

[Event "Capablanca mem Premier II"]
[Site "Havana"]
[Date "1999.05.08"]
[Round "2"]
[White "Garcia Martinez, Silvino"]
[Black "Perez, Luis Manuel"]
[Result "1/2-1/2"]
[WhiteElo "2420"]
[BlackElo "2402"]

1.d4 d5 2.c4 c6 3.Nf3 Nf6 4.Nc3 e6 5.e3 Nbd7 6.Qc2 Bd6 7.Be2 O-O 8.O-O b6
9.e4 dxe4 10.Nxe4 Nxe4 11.Qxe4 Bb7 12.Rd1 Nf6 13.Qh4 Qe7 14.Bd3 c5 15.dxc5 Bxc5
16.Ne5 Ne4 17.Qxe7 Bxe7 18.Re1  1/2-1/2

[Event "IND-ROW m"]
[Site "Bali"]
[Date "1999.05.09"]
[Round "8"]
[White "Barus, Cerdas"]
[Black "Torre, Eugenio"]
[Result "1/2-1/2"]
[WhiteElo "2465"]
[BlackElo "2557"]

1.d4 Nf6 2.c4 e6 3.Nf3 d5 4.Nc3 c6 5.e3 Nbd7 6.Bd3 dxc4 7.Bxc4 b5 8.Bd3 a6
9.e4 c5 10.d5 c4 11.Bc2 Qc7 12.O-O Bc5 13.Qe2 e5 14.Nd1 O-O 15.Bd2 a5 16.b3 cxb3
17.axb3 Bxf2+ 18.Nxf2 Qxc2 19.Rfc1 Qxb3 20.Rc3  1/2-1/2

[Event "Budapest FS05 IM"]
[Site "Budapest"]
[Date "1999.05.09"]
[Round "9"]
[White "Markus, Robert"]
[Black "Kjetzae, Johnny"]
[Result "1-0"]
[WhiteElo "2302"]
[BlackElo "2225"]

1.d4 d5 2.c4 e6 3.Nc3 c6 4.e3 Nf6 5.Nf3 Nbd7 6.Qc2 Bd6 7.b3 O-O 8.Be2 b6
9.O-O Bb7 10.Bb2 Qe7 11.Rfd1 Rfe8 12.e4 Nxe4 13.Nxe4 dxe4 14.Qxe4 f5 15.Qe3 Nf6
16.Ne5 c5 17.Bf3 Ne4 18.Bxe4 fxe4 19.dxc5 Bxc5 20.Qg3 Bd6 21.Rd2 Rad8 22.Rad1 Bc7
23.Qg4 Rxd2 24.Rxd2 Rd8 25.Qd1 Rxd2 26.Qxd2 Bxe5 27.Bxe5 h6 28.h3 Bc6 29.Kh2 Kh7
30.Qf4 a6 31.Bd4 b5 32.c5 Kg6 33.Qg4+ Kh7 34.Qg3 Qg5 35.Qxg5 hxg5 36.Kg1 Kg6
37.Kf1 g4 38.h4 Kh5 39.g3 g5 40.Bf6 gxh4 41.gxh4 e3 42.Ke2 exf2 43.Kxf2 Kg6
44.Be5 Kf5 45.Bd6 Be8 46.Kg3 e5 47.b4 Bd7 48.Be7 Ke6 49.Bg5 Kd5 50.h5 Bf5
51.h6 Ke6 52.Be3 Kf7 53.Kh4 Kg6 54.h7 Kxh7 55.Kg5 Bb1 56.Kf6 Bxa2 57.Kxe5  1-0

[Event "Capablanca mem Mixto"]
[Site "Havana"]
[Date "1999.05.09"]
[Round "3"]
[White "Gonzalez, Jorge V"]
[Black "Delgado Crespo, Mairelys"]
[Result "1-0"]
[WhiteElo "2100"]
[BlackElo "2298"]

1.c4 Nf6 2.Nc3 e6 3.d4 d5 4.Nf3 c6 5.e3 Nbd7 6.Qc2 Bd6 7.b3 O-O 8.Bb2 Re8
9.O-O-O a6 10.Kb1 dxc4 11.Bxc4 Qc7 12.Bd3 c5 13.Ne4 Nxe4 14.Bxe4 Nf6 15.Rc1 cxd4
16.Bxh7+ Nxh7 17.Qxc7 Bxc7 18.Rxc7 dxe3 19.fxe3 f6 20.g4 e5 21.Rg1 Rd8 22.g5 Bf5+
23.Ka1 Nxg5 24.Nxg5 fxg5 25.Bxe5 g6 26.Rxb7 Re8 27.Bd4 g4 28.Rc1 Rac8 29.Rcc7 Rxc7
30.Rxc7 Rc8 31.Rxc8+ Bxc8 32.Kb2 Kf7 33.Kc3 Ke6 34.Kb4 Kd5 35.Ka5 Kc6 36.e4 Kb7
37.a4 Be6 38.b4 Bc4 39.b5 axb5 40.axb5 Be6 41.Kb4 Kc7 42.Kc5 Bc8 43.Be5+ Kb7
44.b6 Bd7 45.Bd4  1-0

[Event "Budapest FS05 IM"]
[Site "Budapest"]
[Date "1999.05.10"]
[Round "10"]
[White "Kjetzae, Johnny"]
[Black "Sedlak, Nicola"]
[Result "1-0"]
[WhiteElo "2225"]
[BlackElo "2349"]

1.Nf3 d5 2.d4 Nf6 3.c4 c6 4.Nc3 e6 5.e3 Nbd7 6.Qc2 Bd6 7.Bd3 O-O 8.O-O dxc4
9.Bxc4 Qe7 10.Rd1 e5 11.e4 exd4 12.Nxd4 Ne5 13.Bf1 Rd8 14.h3 Ng6 15.g3 Ne5
16.Qe2 Be6 17.Nxe6 Qxe6 18.Be3 b5 19.f4 Nc4 20.e5 Nxe3 21.Qxe3 Bc7 22.Kh2 b4
23.Ne2 Nd5 24.Qb3 Bb6 25.Nd4 Bxd4 26.Rxd4 c5 27.Rd2 Nb6 28.Rad1 Rxd2+ 29.Rxd2 Rc8
30.Qd1 g6 31.b3 c4 32.bxc4 Nxc4 33.Rd8+ Kg7 34.Rxc8 Qxc8 35.e6 Nb6 36.Qd4+ Kh6
37.exf7 Qf8 38.g4  1-0

[Event "Capablanca mem Premier I"]
[Site "Havana"]
[Date "1999.05.12"]
[Round "5"]
[White "Franco Ocampos, F."]
[Black "Podgaets, Mikhail"]
[Result "1/2-1/2"]
[WhiteElo "2463"]
[BlackElo "2484"]

1.d4 Nf6 2.c4 e6 3.Nf3 d5 4.Nc3 c6 5.e3 Nbd7 6.Qc2 Bd6 7.Bd3 O-O 8.O-O dxc4
9.Bxc4 a6 10.Rd1 b5 11.Be2 Qc7 12.Bd2 c5 13.dxc5 Qxc5 14.Rac1 Bb7 15.Be1 Ne5
16.Nd5  1/2-1/2

[Event "Lausanne YM Pool B"]
[Site "Lausanne"]
[Date "1999.05.13"]
[Round "2"]
[White "Kasimdzhanov, Rustam"]
[Black "Pelletier, Yannick"]
[Result "1/2-1/2"]
[WhiteElo "2606"]
[BlackElo "2483"]

1.d4 d5 2.c4 c6 3.e3 Nf6 4.Nc3 e6 5.Nf3 Nbd7 6.Bd3 dxc4 7.Bxc4 b5 8.Be2 b4
9.Na4 Qa5 10.O-O c5 11.a3 bxa3 12.bxa3 Ba6 13.Bd2 Bxe2 14.Bxa5 Bxd1 15.Rfxd1  1/2-1/2

[Event "NED-chT Playoff"]
[Site "Breda"]
[Date "1999.05.14"]
[Round "2"]
[White "Brenninkmeijer, Joris"]
[Black "Van der Wiel, John TH"]
[Result "1/2-1/2"]
[WhiteElo "2510"]
[BlackElo "2526"]

1.d4 Nf6 2.c4 c6 3.Nc3 d5 4.e3 e6 5.Nf3 Nbd7 6.Qc2 Bd6 7.Bd3 dxc4 8.Bxc4 O-O
9.O-O a6 10.Rd1 c5 11.a4 Qc7 12.b3 cxd4 13.exd4 Nb6 14.Bg5 Nxc4 15.bxc4 Qxc4
16.Bxf6 gxf6 17.Qd2 Be7 18.Rac1 Rd8 19.Qh6 Bd7 20.Ne4 Qd5 21.Nxf6+ Bxf6 22.Qxf6 Qf5
23.Qh4 Bxa4 24.Re1 Rd5 25.Ne5 Rad8 26.Ng4 Qg5 27.Qg3 Kh8 28.Rc7 Rxd4 29.Ne5 Qxg3
30.hxg3 Be8 31.Rxb7 Rd1 32.Rxd1 Rxd1+ 33.Kh2 Kg7 34.Ra7 Rd5 35.f4 a5 36.Kh3 a4
37.Kh4 Rd2 38.Ra8 Bb5 39.Ra7 Be8 40.Ra8 Bb5 41.Ra7  1/2-1/2

[Event "VCN SchaakFestival"]
[Site "Soest"]
[Date "1999.05.14"]
[Round "1"]
[White "Wu Sai Wing"]
[Black "Hartmans, Eddy"]
[Result "0-1"]
[WhiteElo "1803"]
[BlackElo "2199"]

1.d4 d5 2.c4 c6 3.Nc3 Nf6 4.Nf3 e6 5.e3 Nbd7 6.Bd3 dxc4 7.Bxc4 b5 8.Bd3 Bb7
9.O-O a6 10.e4 c5 11.e5 Nd5 12.Bg5 Qb6 13.Nxd5 Bxd5 14.Be3 h6 15.a4 Rd8 16.dxc5 Bxc5
17.Bf4 bxa4 18.Qxa4 Bxf3 19.gxf3 Qxb2 20.Rab1 Qd4 21.Qxd4 Bxd4 22.Bxa6 Bxe5
23.Be3 O-O 24.f4 Bf6 25.Rb7 Ra8 26.Be2 Rfd8 27.Bf3 Nf8 28.Rc1 Ra1 29.Rxa1 Bxa1
30.Rb1 Bf6 31.Rd1 Ng6 32.Rxd8+ Bxd8 33.Be4 f5 34.Bc6 Bc7 35.Be8 Nxf4 36.Bxf4 Bxf4
37.h4 g5 38.hxg5 hxg5 39.f3 Kg7 40.Kf2 Kf6 41.Bh5 Bc1 42.Ke2 Ke5 43.Kd1 Ba3
44.Ke2 Kf4 45.Bf7 e5 46.Kf2 Bc5+ 47.Kg2 g4 48.Bd5 gxf3+ 49.Bxf3 Ke3 50.Bc6 f4
51.Bb7 Bd6 52.Bc6 e4 53.Kf1 f3 54.Bb7 Bg3 55.Bc6 Kf4 56.Bb7 e3 57.Ba6 Ke5
58.Bb5 Kd4 59.Ba6 Kc3 60.Bb5 Kd2  0-1

[Event "Lausanne YM sf playoff"]
[Site "Lausanne"]
[Date "1999.05.15"]
[Round "2"]
[White "Pelletier, Yannick"]
[Black "Bacrot, Etienne"]
[Result "1-0"]
[WhiteElo "2483"]
[BlackElo "2561"]

1.Nf3 d5 2.d4 c6 3.c4 e6 4.e3 Nf6 5.Nc3 Nbd7 6.Bd3 dxc4 7.Bxc4 b5 8.Bd3 Bb7
9.e4 b4 10.Na4 c5 11.e5 Nd5 12.dxc5 Nxc5 13.Bb5+ Nd7 14.Bg5 Qa5 15.Bxd7+ Kxd7
16.O-O Bc6 17.b3 h6 18.Bd2 Bb5 19.Re1 Bxa4 20.bxa4 Bc5 21.a3 Qb6 22.a5 Qb7
23.axb4 Be7 24.Nd4 Rhc8 25.Qa4+ Kd8 26.Rac1 Qd7 27.Nc6+ Ke8 28.b5 Kf8 29.Red1 Kg8
30.Be3 Bf8 31.h3 Rc7 32.Bc5 Bxc5 33.Rxc5 Kh8 34.Rdc1 Rac8 35.Kh2 g6 36.Qd4 Kg7
37.Nb4 Rxc5 38.Rxc5 Rxc5 39.Qxc5 Nf4 40.Nc2 Qd1 41.Ne3 Qa1 42.Qc4 Qxe5 43.g3 Nh5
44.Ng4 Qb2 45.Qc5 Qb1 46.b6 axb6 47.Qxb6 Qa2 48.a6 f5 49.Ne5 f4 50.g4 Ng3
51.Nd3 Nf1+ 52.Kg1 Ne3 53.Qb2+ Qxb2 54.Nxb2 Nd5 55.Nc4 Nc7 56.a7 Na8 57.Kg2 Kf6
58.Kf3 g5 59.Ke4 Ke7 60.Ke5 Kd7 61.f3 Ke7 62.Kd4 Kd7 63.Ke4 Kc6 64.Ke5 Nc7
65.Nd6 Kb6 66.Nf7 Kxa7 67.Nxh6 Kb6 68.Nf7 Kc6 69.Nxg5 Kd7 70.h4 Ke7 71.Nh3 Kf7
72.Nxf4 Ke7 73.g5 Kf7 74.h5 Ke7 75.g6 Ne8 76.Nxe6 Nf6 77.Nf4 Nd7+ 78.Kf5 Nc5
79.Kg5 Kf8 80.h6 Kg8 81.Kf6 Nd7+ 82.Ke6 Nf8+ 83.Kf6 Nd7+ 84.Ke6 Nf8+ 85.Ke7  1-0

[Event "Lausanne YM sf playoff"]
[Site "Lausanne"]
[Date "1999.05.15"]
[Round "3"]
[White "Bacrot, Etienne"]
[Black "Pelletier, Yannick"]
[Result "1-0"]
[WhiteElo "2561"]
[BlackElo "2483"]

1.Nf3 d5 2.c4 c6 3.e3 Nf6 4.Nc3 e6 5.d4 Nbd7 6.Bd3 dxc4 7.Bxc4 b5 8.Bd3 Bb7
9.e4 b4 10.Na4 c5 11.e5 Nd5 12.Nxc5 Bxc5 13.dxc5 Nxc5 14.Bb5+ Kf8 15.O-O Rc8
16.a3 a5 17.axb4 axb4 18.Bd2 h6 19.Rc1 Qb6 20.Bc4 Ne7 21.Nd4 Nd3 22.Nxe6+ fxe6
23.Bxd3 Rxc1 24.Bxc1 Qd4 25.Re1 g5 26.Be3 Qxb2 27.h4 Qxe5 28.Ba6 Bxa6 29.Bd4 Qd5
30.Bxh8 Qxd1 31.Rxd1 Kf7 32.hxg5 hxg5 33.Bb2 b3 34.Rd7 Ke8 35.Rc7 Bd3 36.Rc3 Bc2
37.Rg3 Nd5 38.Rxg5 Nf4 39.Rb5 Nd3 40.Ba1 Kd7 41.f3 Kc6 42.Rb8 Kc7 43.Re8 Kd7
44.Ra8 Bd1 45.Ra4 Ke7 46.Rd4 b2 47.Bxb2 Nxb2 48.Rd2 Bxf3 49.Rxb2 Be4 50.Kf2 Kf6
51.Ke3 Bd5 52.Kf4 e5+ 53.Kg4 Be6+ 54.Kg3 Kf5 55.Kf3 Bd5+ 56.Ke3 Bc6 57.Kf2 Bd5
58.Rb8 Bc6 59.Rf8+ Kg5 60.Kg3 Bd5 61.Re8 Kf5 62.Rf8+ Kg5 63.Rf2 Bc6 64.Re2 Kf5
65.Rf2+ Kg5 66.Rc2 Bb7 67.Rc5 Kf5 68.Rc2 Kg5 69.Kf2 Kf5 70.Kg3 Kg5 71.Re2 Kf5
72.Kh4 Bc6 73.Rf2+ Kg6 74.g4 Bd5 75.g5 Bf7 76.Rf6+ Kg7 77.Rf5 e4 78.Re5 Bg6
79.Re7+ Kf8 80.Ra7 Kg8  1-0

[Event "Zalakaros Kupa 18th"]
[Site "Zalakaros"]
[Date "1999.05.17"]
[Round "6"]
[White "Varga, Zoltan"]
[Black "Acs, Peter"]
[Result "1/2-1/2"]
[WhiteElo "2518"]
[BlackElo "2521"]

1.d4 Nf6 2.c4 e6 3.Nf3 d5 4.Nc3 c6 5.e3 Nbd7 6.Qc2 Bd6 7.Be2 O-O 8.O-O dxc4
9.Bxc4 Qe7 10.h3 e5 11.a3 Bc7 12.Ba2 a5 13.Bd2 Re8 14.Rae1 h6 15.e4 exd4
16.Nd5 cxd5 17.Qxc7 dxe4 18.Nxd4 Qe5 19.Qxe5 Nxe5 20.Nb5 Re7 21.Bc3 Ra6 22.Rc1 Bf5
23.Bd4 Nd3 24.Rc3 Rc6 25.Rxc6 bxc6 26.Nd6 Be6 27.Bxf6 gxf6 28.Bb1 f5 29.Bxd3 exd3
30.Rd1 Rd7 31.Rxd3 Kf8 32.Rd2 Ke7 33.Nc8+ Kd8 34.Nd6 Ke7 35.Nc8+ Kd8  1/2-1/2

[Event "Curitiba"]
[Site "Curitiba"]
[Date "1999.05.21"]
[Round "9"]
[White "Miranda, Marcio MC"]
[Black "Achutti, Andre"]
[Result "1/2-1/2"]
[WhiteElo "2285"]
[BlackElo "2044"]

1.d4 d5 2.c4 e6 3.Nc3 c6 4.e3 Nf6 5.Nf3 Nbd7 6.Qc2 Be7 7.Be2 dxc4 8.Bxc4 a6
9.O-O c5 10.dxc5 Nxc5 11.Rd1  1/2-1/2

[Event "Capablanca mem Premier I"]
[Site "Havana"]
[Date "1999.05.22"]
[Round "13"]
[White "Roeder, Mathias"]
[Black "Otero, Diosmany"]
[Result "1/2-1/2"]
[WhiteElo "2448"]
[BlackElo "2403"]

1.d4 Nf6 2.c4 e6 3.Nf3 d5 4.Nc3 c6 5.e3 Nbd7 6.Qc2 Bd6 7.Bd3 O-O 8.O-O dxc4
9.Bxc4 Qe7 10.h3 e5 11.a3 Bc7 12.Ba2 h6 13.Bd2 e4 14.Nh4 Nb6 15.Ng6 Qd6 16.Ne5 Be6
17.Nxe4 Nxe4  1/2-1/2